Statistics for Biggest Ethnicities in the United States by Flag

Click here to take the quiz!

General Stats

  • This quiz has been taken 280 times
    (63 since last reset)
  • The average score is 22 of 30

Answer Stats

Answer% Correct
African Americans
100%
English Americans
100%
French Americans
100%
German Americans
100%
Irish Americans
100%
Italian Americans
100%
Scottish Americans + Scotch-Irish Americans
100%
Arab Americans
67%
Brazilian Americans
67%
Chinese Americans
67%
Dutch Americans
67%
Filipino Americans
67%
Greek Americans
67%
Hispanic Americans
67%
Hungarian Americans
67%
Indian Americans
67%
Japanese Americans
67%
Jewish Americans
67%
Korean Americans
67%
Native Americans
67%
Native Hawaiians
67%
Norwegian Americans
67%
Polish Americans
67%
Portuguese Americans
67%
Puerto Ricans
67%
Russian Americans
67%
Swedish Americans
67%
Turkish Americans
67%
Ukrainian Americans
67%
Armenian Americans
33%

Score Distribution

Percentile by Number Answered

Percent of People with Each Score

Your Score History

You have not taken this quiz since the last reset